| 000 | 00988cab a2200313 4500 | ||
|---|---|---|---|
| 001 | ABS49430 | ||
| 008 | 090401t1993 xxu||||| |||| 00| 0 eng d | ||
| 035 | _a(Sirsi) u71206 | ||
| 041 | _aeng | ||
| 100 | _aRidout, G. | ||
| 245 | _aSlagging match | ||
| 260 | _c1993 | ||
| 350 | _a0 | ||
| 490 |
_aBuilding _v258(7813) 1 October 1993, 46-47(2) |
||
| 520 | _aControversy surrounds mineral wools, German scientists say the risk of contracting cancer from man-made mineral fibres is underestimated and mineral wool manufacturers claim `It is probably the most medically researched material`. | ||
| 650 | _aBUILT ENVIRONMENT-BUILDING MATERIALS | ||
| 650 | _aGLASS FIBRES | ||
| 650 | _aHEALTH HAZARDS | ||
| 650 | _aMAN-MADE MINERAL FIBRES | ||
| 650 | _aMINERAL FIBRES | ||
| 650 | _aMINERAL WOOL | ||
| 650 | _aMMMF | ||
| 650 | _aROCK WOOLS | ||
| 650 | _aSLAG WOOLS | ||
| 690 | _aBUILT ENVIRONMENT-BUILDING MATERIALS | ||
| 700 | _h | ||
| 942 | _n0 | ||
| 948 | _c04/03/1997 | ||
| 999 |
_c44859 _d44859 |
||